000 00740nam a2200217 a 4500
001 000036686
005 20200930075855.0
008 120125s1987 sp 001 0 spa d
020 _a842491256X
082 _axxx
_bJ54c
100 1 _aJenofonte,
_d434?-355 a. de J. C.
_962972
245 1 0 _aCiropedia /
_cJenofonte ; introducción, traducción y notas de Ana Vegas Sansalvador.
260 _aMadrid :
_bEditorial Gredos,
_c1987.
300 _a510 p. ;
_c19 cm.
490 1 _aBiblioteca clásica Gredos
_v108
500 _aIncluye notas al pie de las páginas.
500 _aincluye índice de nombres propios.
700 1 _aVegas Sansalvador, Ana,
_etr.
_962973
830 0 _aBiblioteca clásica Gredos;
_v108
_98642
999 _c36177
_d36177
040 _aDO-SdBNP